2025-2026 Tampa Bay Buccaneers Roster - Statistics

General Stats
  • This quiz has been taken 14 times
  • The average score is 28 of 52
Answer Stats
Position Name % Correct
Quarterback Baker Mayfield
100%
Running Back Bucky Irving
100%
Wide Receiver Chris Godwin Jr.
100%
Wide Receiver Emeka Egbuka
100%
Wide Receiver Mike Evans
100%
Running Back Sean Tucker
100%
Tight End Cade Otton
92%
Running Back Rachaad White
92%
Offensive Lineman Tristan Wirfs
92%
Safety Antoine Winfield Jr,
85%
Linebacker Lavonte David
85%
Defensive Lineman Vita Vea
85%
Wide Receiver Jalen McMillan
77%
Cornerback Jamel Dean
77%
Quarterback Teddy Bridgewater
77%
Wide Receiver Tez Johnson
69%
Offensive Lineman Graham Barton
62%
Wide Receiver Kameron Johnson
62%
Wide Receiver Sterling Shepard
62%
Placekicker Chase McLaughlin
54%
Offensive Lineman Cody Mauch
54%
Cornerback Jacob Parrish
54%
Offensive Lineman Luke Goedeke
54%
Tight End Payne Durham
54%
Safety Tykee Smith
54%
Linebacker YaYa Diaby
54%
Offensive Lineman Ben Bredeson
46%
Cornerback Benjamin Morrison
46%
Defensive Lineman Logan Hall
46%
Cornerback Zyon McCollum
46%
Defensive Lineman Calijah Kancey
38%
Linebacker Haason Reddick
38%
Punter Riley Dixon
38%
Safety Christian Izien
31%
Quarterback Connor Bazelak
31%
Tight End Devin Culp
31%
Defensive Lineman Elijah Roberts
31%
Safety J.J. Roberts
31%
Cornerback Kindle Vildor
31%
Linebacker SirVocea Dennis
31%
Linebacker Anthony Nelson
23%
Offensive Lineman Charlie Heck
23%
Linebacker Chris Braswell
23%
Linebacker Deion Jones
23%
Offensive Lineman Elijah Klein
23%
Long Snapper Evan Deckers
23%
Defensive Lineman Greg Gaines
23%
Cornerback Josh Hayes
23%
Offensive Lineman Luke Haggard
23%
Offensive Lineman Michael Jordan
23%
Offensive Lineman Dan Feeney
15%
Defensive Lineman Elijah Simmons
15%
No matching quizzes found
Score Distribution
Percent of People with Each Score
Percentile by Number Answered
Your Score History
You have not taken this quiz